<?xml version="1.0" encoding="UTF-8"?><?xml-stylesheet type="text/xsl" href="static/style.xsl"?><OAI-PMH xmlns="http://www.openarchives.org/OAI/2.0/" xmlns:xsi="http://www.w3.org/2001/XMLSchema-instance" xsi:schemaLocation="http://www.openarchives.org/OAI/2.0/ http://www.openarchives.org/OAI/2.0/OAI-PMH.xsd"><responseDate>2026-06-01T06:01:47Z</responseDate><request verb="GetRecord" identifier="oai:riuma.uma.es:10630/29111" metadataPrefix="marc">https://riuma.uma.es/rest/oai/request</request><GetRecord><record><header><identifier>oai:riuma.uma.es:10630/29111</identifier><datestamp>2026-02-03T11:40:31Z</datestamp><setSpec>com_10630_2254</setSpec><setSpec>col_10630_37956</setSpec></header><metadata><record xmlns="http://www.loc.gov/MARC21/slim" xmlns:dcterms="http://purl.org/dc/terms/" xmlns:doc="http://www.lyncode.com/xoai" xmlns:xsi="http://www.w3.org/2001/XMLSchema-instance" xsi:schemaLocation="http://www.loc.gov/MARC21/slim http://www.loc.gov/standards/marcxml/schema/MARC21slim.xsd">
   <leader>00925njm 22002777a 4500</leader>
   <datafield ind2=" " ind1=" " tag="042">
      <subfield code="a">dc</subfield>
   </datafield>
   <datafield ind2=" " ind1=" " tag="720">
      <subfield code="a">Rojo-Gallego-Burín, Marina</subfield>
      <subfield code="e">author</subfield>
   </datafield>
   <datafield ind2=" " ind1=" " tag="260">
      <subfield code="c">2023</subfield>
   </datafield>
   <datafield ind2=" " ind1=" " tag="520">
      <subfield code="a">Este libro consigna un estudio histórico y dogmático sobre el contrato de préstamo. La aparición del préstamo ha sido el acontecimiento esencial para el desarrollo de la economía y del comercio en el mundo. Nuestro objeto de estudio es la piedra angular de toda sociedad, el negocio jurídico más universal, marcado siempre por una vida próspera, tal y como se recoge desde las legislaciones más antiguas, donde con detalle ya se estipulaban sus singularidades. En los tiempos modernos, se ha convertido en la figura contractual más practicada A él se debe la realización de las obras más gigantes que unen a los pueblos, sirve para remediar las situaciones de desgracia y es aplicable a todas las relaciones de la vida, tanto para lo grande como para lo pequeño, de ahí la universalidad de su aplicación. En definitiva, esta monografía tiene como fin poner de manifiesto todas las mutaciones jurídicas que se han producido y todo lo que ha sobrevivido, en torno al contrato de préstamo.</subfield>
   </datafield>
   <datafield ind1="8" ind2=" " tag="024">
      <subfield code="a">M. Rojo Gallego-Burín, El contrato de préstamo en la historia del derecho, Aranzadi, Pamplona 2023</subfield>
   </datafield>
   <datafield ind1="8" ind2=" " tag="024">
      <subfield code="a">978-84-1163-142-6</subfield>
   </datafield>
   <datafield ind1="8" ind2=" " tag="024">
      <subfield code="a">https://hdl.handle.net/10630/29111</subfield>
   </datafield>
   <datafield tag="653" ind2=" " ind1=" ">
      <subfield code="a">Contratos - Historia</subfield>
   </datafield>
   <datafield ind2="0" ind1="0" tag="245">
      <subfield code="a">El contrato de préstamo en la historia del derecho</subfield>
   </datafield>
</record>
</metadata></record></GetRecord></OAI-PMH>